Estado de la democracia en Venezuela, Bolivia y Ecuador /
Furkejuvvon:
| Váldodahkki: | |
|---|---|
| Materiálatiipa: | Texto |
| Fáddágilkorat: |
Lasit fáddágilkoriid
Eai fáddágilkorat, Lasit vuosttaš fáddágilkora!
|
MARC
| LEADER | 00000 a a2200000 04500 | ||
|---|---|---|---|
| 001 | 44683 | ||
| 003 | |||
| 040 | |||
| 100 | |a Stefanoni, Pablo | ||
| 245 | |a Estado de la democracia en Venezuela, Bolivia y Ecuador / |c Pablo Stefanoni | ||
| 773 | |g volumen12, número30 ( , 2013), páginas 79-110 | ||
| 999 | |c 37145 |d 37145 | ||
